000 01136nam a22002777a 4500
003 OSt
005 20250923085630.0
007 cr ||||||a|c|a
008 221028s2020 mx ab||fom||| 001 0 spa d
040 _erda
100 1 _9134635
_aAnaya Pérez, Ivonne Adaly
245 1 _aPrecios de garantía en trigo /
_cpor Ivonne Adaly Anaya Pérez; director de tesis Miguel Angel Martínez Damian
264 1 _aChapingo, México :
_bEl autor,
_c2020.
300 _a1 recurso en línea (71 páginas).
_bgráficas, tablas.
336 _2rdacontent
_atexto
_btxt
337 _2rdamedia
_acomputadora
_bc
338 _2rdacarrier
_arecurso en línea
_bcr
502 _bMCEARN
_cDICEA
_d2020.
_gMAE
504 _aIncluye referencias bibliográficas: páginas 66-68
650 4 _9114967
_aTrigo
_xAspectos económicos
650 4 _9115082
_aTrigo
_xProducción
650 2 _aProgramas de desarrollo
_xEvaluación
_9133614
700 1 _971963
_aMartínez Damián, Miguel Ángel
_eDirector de tesis
856 _uhttp://10.13.5.2/tesis/tm/2020_EA_Anaya_Perez_IvonneAdaly.pdf
_zDESCARGAR PDF
942 _2Clasificación Universidad Autónoma Chapingo
_cTD
999 _c217690
_d217690